Statistics for Harry Potter "H" Characters

Click here to take the quiz!

General Stats

  • This quiz has been taken 177 times
  • The average score is 8 of 12

Answer Stats

HintAnswer% Correct
Hero of the seriesHarry Potter
100%
The cleverest witch of her ageHermione Granger
99%
Hogwarts founder who valued loyaltyHelga Hufflepuff
88%
Ghost who was killed by the Bloody BaronHelena Ravenclaw
82%
When Harry first saw him, he was an armchairHorace Slughorn
81%
Percy's owlHermes
70%
Flew to France to pick up Harry's birthday presentHedwig
58%
House elf framed for killing the aboveHokey
55%
Multiplied her ferret into a flock of flamingos during her OWLsHannah Abbott
49%
Previous owner of two items used as HorcruxesHepzibah Smith
46%
Member of the Order of the Phoenix who protected the DursleysHestia Jones
30%
Chairwizard of the International Quidditch AssociationHassan Mostafa
9%

Score Distribution

Percentile by Number Answered

Percent of People with Each Score

Your Score History

You have not taken this quiz